| 000 | 00689nam a2200229 a 4500 | ||
|---|---|---|---|
| 999 |
_c737 _d737 |
||
| 001 | 15335 | ||
| 003 | BD-DhUAP | ||
| 005 | 20210118145627.0 | ||
| 008 | 200127s1997 ii 001 0 eng | ||
| 020 | _a8170248205 | ||
| 040 |
_aDLC _cBD-DhUAP _bEng _dBD-DhUAP |
||
| 082 | 0 | 0 |
_a323.095491 CHI _223 |
| 100 | 1 | _aChitkara, M. G. | |
| 245 | 1 | 0 |
_aHuman rights in Pakistan / _cM. G. Chitkara. |
| 260 |
_aNew Delhi : _bA.P.H. Pub. Corp., _cc1997. |
||
| 300 |
_axii, 407 pages ; _c22 cm. |
||
| 500 | _aIncludes index. | ||
| 650 | 0 |
_aHuman rights _zPakistan. |
|
| 651 | 0 |
_aPakistan _xPolitics and government. |
|
| 942 |
_2ddc _cBK |
||